| 000 | 00535nam a2200157Ia 4500 | ||
|---|---|---|---|
| 999 |
_c21166 _d21166 |
||
| 082 | _aRE.0014 | ||
| 100 | _aEswaraiah, G. | ||
| 245 | 0 |
_aStudy of family welfare services in the Paderu Tribal Areas of Andhra Pradesh _b: |
|
| 260 |
_c1997 _bICSSR, New Delhi |
||
| 300 | _a125p. | ||
| 650 | _aPADERU TRIBALS - ANDHRA PRADESH | ||
| 650 | _aTRIBAL DEVELOPMENT - ANDHRA PRADESH - VISAKHAPATNAM DISTRICT | ||
| 650 | _aTRIBAL FAMILY - ANDHRA PRADESH - VISHAKHAPATNAM DISTRICT | ||
| 710 | _aCentre for Social Development | ||
| 942 |
_cRP _2ddc |
||